| 000 | 00521nam a22001697a 4500 | ||
|---|---|---|---|
| 999 |
_c3767 _d3767 |
||
| 003 | OSt | ||
| 005 | 20181122154121.0 | ||
| 008 | 181122b ||||| |||| 00| 0 eng d | ||
| 040 | _cDLC | ||
| 082 |
_a248.4 _bM977C |
||
| 100 | _aMurillo, Mario. | ||
| 245 |
_aCritical Mass; _bA Strategy for a North American Revival!/ _cMario Murillo. |
||
| 260 |
_aDanville; _bAnthony Douglas publishing/ _cc1985. |
||
| 300 | _a80 p.: | ||
| 650 |
_xA Strategy for a North American Revival!. _ySpiritual life--Christianity. |
||
| 942 |
_2ddc _cBK |
||